MARC

LEADER 00000nam0a2200000 4500
001 674955
005 20241212111043.0
035 |a (RuTPU)RU\TPU\book\323395 
090 |a 674955 
100 |a 20240925d1970 k||y0rusy50 ca 
101 0 |a rus 
102 |a KZ 
105 |a a z 001zy 
181 0 |a i   |b  e  
182 0 |a n 
183 0 |a nc  |2 RDAcarrier 
200 1 |a Гетерогенные процессы в глиноземном производстве  |e [сборник[  |f Академия наук Казахской ССР (АН КазССР), Институт металлургии и обогащения (ИМО) ; отв. ред. А. Л. Цефт 
203 |a Текст  |b визуальный  |c непосредственный 
210 |a Алма-Ата  |c Наука  |d 1970 
215 |a 70 с.  |c ил. 
225 1 |a Труды Института металлургии и обогащения  |v Т. 37 
283 |a volume  |2 RDAcarrier 
320 |a Библиография в конце статей 
606 1 |a Глиноземное производство  |9 87738 
606 1 |a Цветная металлургия  |x Гетерогенные процессы  |9 43327 
610 1 |a Казахстан 
610 1 |a процессы 
610 1 |a обескремнивание 
610 1 |a разложение 
610 1 |a титановые соединения 
610 1 |a изоморфизм 
610 1 |a выщелачивание 
610 1 |a сгущение 
610 1 |a бокситовые пульпы 
675 |a 669.712  |v 4 
675 |a 669.2.09  |v 4 
702 1 |a Цефт  |b А. Л.  |4 340 
712 0 2 |a Академия наук Казахской ССР  |b Институт металлургии и обогащения  |c (Алма-Ата)  |3 (RuTPU)RU\TPU\col\6343  |9 24236 
801 1 |a RU  |b 63413507  |c 20240925 
801 2 |a RU  |b 63413507  |c 20170627  |g RCR 
850 |a 63413507 
942 |c CR